PPG3: a stumbling block. (Record no. 60828)
[ view plain ]
| 000 -LEADER | |
|---|---|
| fixed length control field | 00796cam a2200217 4500 |
| 001 - CONTROL NUMBER | |
| control field | ABS61138 |
| 008 - FIXED-LENGTH DATA ELEMENTS--GENERAL INFORMATION | |
| fixed length control field | 000000n1999 000 0 eng u |
| 035 ## - SYSTEM CONTROL NUMBER | |
| System control number | (Sirsi) u101703 |
| 100 ## - MAIN ENTRY--PERSONAL NAME | |
| Personal name | Dollar, P. |
| 245 ## - TITLE STATEMENT | |
| Title | PPG3: a stumbling block. |
| 260 ## - PUBLICATION, DISTRIBUTION, ETC. | |
| Date of publication, distribution, etc. | 1999 |
| 490 ## - SERIES STATEMENT | |
| Series statement | Property Week |
| Volume/sequential designation | 64(31) 6 August 1999, 38(1) |
| 520 ## - SUMMARY, ETC. | |
| Summary, etc. | Warns that tenants' right of first refusal under the Landlord and Tenant Act 1987 Part I (as amended by the Housing Act 1996) will undermine the aims of the draft PPG3 aimed at restricting the number of greenfield sites for new housing development in urban areas. |
| 650 ## - SUBJECT ADDED ENTRY--TOPICAL TERM | |
| Topical term or geographic name entry element | LANDLORD AND TENANT |
| 9 (RLIN) | 6252 |
| 650 ## - SUBJECT ADDED ENTRY--TOPICAL TERM | |
| Topical term or geographic name entry element | PPG3 |
| 650 ## - SUBJECT ADDED ENTRY--TOPICAL TERM | |
| Topical term or geographic name entry element | GREENFIELD SITES |
| 650 ## - SUBJECT ADDED ENTRY--TOPICAL TERM | |
| Topical term or geographic name entry element | HOUSING |
| 690 ## - LOCAL SUBJECT ADDED ENTRY--TOPICAL TERM (OCLC, RLIN) | |
| Topical term or geographic name as entry element | PLANNING LAW AND PRACTICE |
| 700 ## - ADDED ENTRY--PERSONAL NAME | |
| Personal name | Murphy, G. |
| 942 ## - ADDED ENTRY ELEMENTS (KOHA) | |
| Suppress in OPAC | 0 |
| Withdrawn status | Lost status | Source of classification or shelving scheme | Damaged status | Not for loan | Home library | Current library | Shelving location | Date acquired | Total Checkouts | Full call number | Barcode | Date last seen | Copy number | Price effective from | Koha item type |
|---|---|---|---|---|---|---|---|---|---|---|---|---|---|---|---|
| Dewey Decimal Classification | London | London | Journal article | 10/11/1999 | ABS61138 | 101703-1001 | 06/08/2019 | 1 | 06/08/2019 | Journal article |